| 000 | 00872nam a2200229Ia 4500 | ||
|---|---|---|---|
| 001 | 18557 | ||
| 003 | GE_BSU | ||
| 008 | 181216s||||||||xx |||||||||||||| ||und|| | ||
| 020 | _a9789941227639 | ||
| 040 | _cGE_BSU | ||
| 080 | _a821.353.1-1 | ||
| 100 | _aჯულაყიძე,თეიმურაზ. | ||
| 245 | _aფიქრები საქართველოზე:საქართველოს გადარჩენის გზა წიგნი:1 | ||
| 245 | _bჩვენი მსაჯული მხოლოდ ღმერთია!... | ||
| 260 | _aთბილისი | ||
| 260 | _bუნივერსალი | ||
| 260 | _c2016 | ||
| 300 | _a143გვ;ილ;20სმ. | ||
| 653 | _aფიქრები საქართველოზე | ||
| 653 | _aქართული ლიტერატურა | ||
| 942 | _cBK | ||
| 999 |
_c51566 _d51566 |
||